Nevyhadzujeme, čo sa dá zjesť

Spoločnosť Tesco začalo aktívne bojovať proti plytvaniu potravinami a zaviazalo sa znižovať odpad zo svojich obchodov a distribučných centier. Minulý rok sa spoločnosti podarilo znížiť objem potravinového odpadu o dvadsať percent. Výrazný pokrok hlási v celej strednej Európe. Stručný opis projektov...

Ausführliche Beschreibung

Gespeichert in:
Bibliographische Detailangaben
Format: Buchkapitel
Sprache:Slowakisch
Schlagworte:
Tags: Tag hinzufügen
Keine Tags, Fügen Sie das erste Tag hinzu!

MARC

LEADER 00000naa a2200000 4500
001 0246375
005 20180713123802.2
041 0 |a slo 
044 |a SK 
245 1 0 |a Nevyhadzujeme, čo sa dá zjesť 
520 |a Spoločnosť Tesco začalo aktívne bojovať proti plytvaniu potravinami a zaviazalo sa znižovať odpad zo svojich obchodov a distribučných centier. Minulý rok sa spoločnosti podarilo znížiť objem potravinového odpadu o dvadsať percent. Výrazný pokrok hlási v celej strednej Európe. Stručný opis projektov (elektrické kompostovanie, Horúca linka pre potravinový odpad). 
610 2 0 |a reťazce obchodné 
610 2 0 |a odpad 
610 2 0 |a plytvanie potravinami 
610 2 0 |a spotreba potravín 
610 2 0 |a potraviny